00503nam a2200145 a 450000100100000000500170001000800410002704000250006808200150009310000260010824500740013426000850020830000350029350400290032800003005620200930060016.0110428s1983 dr ac 000 0 spa d aDO-SdBNPbspacBNPHU axxxbP438g1 aPérez Abreu, Aridio10aGuía técnica sobre el cultivo del maíz /cAridio Pérez Mario. aSantigo, República Dominicana :bSecretaría de Estado de Agricultura,c1983. a42 p. :bil ; retrs. ;c21 cm. aBibliografías p. 41-42